| 000 | 00363nam a22001457a 4500 | ||
|---|---|---|---|
| 003 | OSt | ||
| 005 | 20160727222353.0 | ||
| 008 | 160622b xxu||||| |||| 00| 0 eng d | ||
| 040 | _ctest | ||
| 100 |
_9445 _aStimson, N, |
||
| 245 | _aCoaching Your Employees | ||
| 260 |
_aN.D _b Kogar page India Pvt. Ltd. _c1996 |
||
| 300 | _aCoaching Your Employees | ||
| 942 |
_2ddc _cBK |
||
| 999 |
_c366 _d366 |
||